L'etrange vie et les étranges amours d'Edgar Poe / (Record no. 89832)

MARC details
000 -LEADER
campo de control de longitud fija 00630nam a2200205 i 4500
001 - NÚMERO DE CONTROL
campo de control 89832
003 - IDENTIFICADOR DE NÚMERO DE CONTROL
campo de control ES-MaACL
005 - FECHA Y HORA DE LA ÚLTIMA TRANSACCIÓN
campo de control 20250713091411.0
007 - CAMPO FIJO DE DESCRIPCIÓN FÍSICA--INFORMACIÓN GENERAL
campo de control de longitud fija t|
008 - DATOS DE LONGITUD FIJA--INFORMACIÓN GENERAL
campo de control de longitud fija 050114s1934 fr ||||1| fre d
100 1# - ENTRADA PRINCIPAL--NOMBRE DE PERSONA
Nombre de persona Lauvrière, Emile.
9 (RLIN) 70668
245 12 - MENCIÓN DEL TÍTULO
Título L'etrange vie et les étranges amours d'Edgar Poe /
Mención de responsabilidad, etc. Emile Lauvrière.
260 ## - PUBLICACIÓN, DISTRIBUCIÓN, ETC.
Lugar de publicación, distribución, etc. Paris :
Nombre del editor, distribuidor, etc. Desclée de Brouwer,
Fecha de publicación, distribución, etc. 1934.
300 ## - DESCRIPCIÓN FÍSICA
Extensión XVIII, 583 p., 7 lám. ;
Dimensiones 20 cm.
490 1# - MENCIÓN DE SERIE
Mención de serie Temps et visages
600 14 - PUNTO DE ACCESO ADICIONAL DE MATERIA--NOMBRE DE PERSONA
Nombre de persona Poe, Edgar Allan,
Fechas asociadas al nombre 1809-1849
9 (RLIN) 188384
830 0# - PUNTO DE ACCESO ADICIONAL DE SERIE-TÍTULO UNIFORME
Título uniforme Temps et visages
9 (RLIN) 231913
852 ## - LOCALIZACIÓN
Ubicación ES-MaACL
Número de control de estantería A-1843
Holdings
Estatus retirado Estado de pérdida Estado de daño No para préstamo Biblioteca de origen Biblioteca actual Ubicación en estantería Fecha de adquisición Fuente de adquisición Total de préstamos Signatura topográfica completa Código de barras Visto por última vez Precio de reemplazo Tipo de ítem Koha
        Biblioteca del Ateneo de Madrid Biblioteca del Ateneo de Madrid Sala Pecera Planta 1 17/01/2008     A-1843 1093814 23/02/2023 23/02/2023 Libro impreso